[Event "Thailand Pattaya U12 op 2nd"]
[Site "Pattaya"]
[Date "2019.10.19"]
[Round "2"]
[White "Manan, Agarwal"]
[Black "Dau, Khuong Duy"]
[Result "0-1"]
[WhiteElo "1126"]
[BlackElo "1501"]
[PlyCount "120"]
[EventDate "2019.10.19"]
[EventType "swiss"]
[EventRounds "9"]
[EventCountry "THA"]
[SourceTitle "CBM 193 Extra"]
[Source "ChessBase"]
[SourceDate "2020.01.31"]
[SourceVersion "1"]
[SourceVersionDate "2020.01.31"]
[SourceQuality "1"]

1. e4 c5 2. d4 cxd4 3. c3 d6 4. Bc4 Nf6 5. Qb3 e6 6. Bg5 Be7 7. Bxf6 Bxf6 8. Nf3 Nc6 9. Qc2 0-0 10. 0-0 Qe7 11. Rd1 dxc3 12. Nxc3 a6 13. Rac1 Bd7 14. Qd3 Ne5 15. Qxd6 Qxd6 16. Rxd6 Bc6 17. Be2 Nxf3+ 18. Bxf3 Be5 19. Rd3 Rac8 20. Rcd1 b5 21. a3 a5 22. b4 axb4 23. axb4 Ra8 24. Ne2 Ra2 25. Nd4 Bb7 26. Nb3 Rb2 27. g3 Bf6 28. Bg2 h6 29. Nc5 Bc6 30. Rd6 Rc8 31. Nd3 Rc2 32. e5 Be7 33. Rd4 Bxg2 34. Kxg2 R2c4 35. Rxc4 bxc4 36. Rc1 Kf8 37. b5 Rd8 38. Nf4 g5 39. Ne2 Rd2 40. b6 Rxe2 41. Rb1 Rxe5 42. b7 Bd6 43. Rb6 Bb8 44. Rc6 Ke7 45. Rc8 Bd6 46. Rc6 Rb5 47. Rxc4 Rxb7 48. Kf3 f5 49. h4 Rb4 50. Rxb4 Bxb4 51. hxg5 hxg5 52. g4 Bc5 53. Kg3 Bxf2+ 54. Kxf2 fxg4 55. Kg3 e5 56. Kxg4 e4 57. Kg3 Ke6 58. Kg4 Ke5 59. Kg3 Kd4 60. Kf2 g4 0-1